BASICS OF RESEARCH METHODOLOGY & MEDICAL STATISTICS (Record no. 22609)

MARC details
000 -LEADER
fixed length control field 00479nam a22001577a 4500
003 - CONTROL NUMBER IDENTIFIER
control field SGT
020 ## - INTERNATIONAL STANDARD BOOK NUMBER
International Standard Book Number 9789384277185
082 ## - DEWEY DECIMAL CLASSIFICATION NUMBER
Classification number 610.01
Item number R21W
100 ## - MAIN ENTRY--PERSONAL NAME
Personal name WANI, BILAL AHMED
245 ## - TITLE STATEMENT
Title BASICS OF RESEARCH METHODOLOGY & MEDICAL STATISTICS
260 ## - PUBLICATION, DISTRIBUTION, ETC. (IMPRINT)
Place of publication, distribution, etc JAIPUR
Name of publisher, distributor, etc AYURVEDA SANSKRIT HINDI PUSHTAK BHANDAR
Year of Publication 2021
300 ## - PAGE DESCRIPTION
No. of Pages 462
650 ## - SUBJECT ADDED ENTRY--TOPICAL TERM
Topical term or geographic name as entry element RESEARCH METHODOLOGY
653 ## - KEYWORDS--INDEX TERM
Keyword term BASICS RESEARCH. RESEARCH METHOD, RESEARCH STATISTICS , MEDICAL STATISTICS
942 ## - ADDED ENTRY ELEMENTS (KOHA)
Source of classification or shelving scheme Dewey Decimal Classification
Koha item type Books
942 ## - ADDED ENTRY ELEMENTS (KOHA)
-- 32
Holdings
Withdrawn status Lost status Source of classification or shelving scheme Damaged status Not for loan Collection code Home library Current library Shelving location Date acquired Vendor Name Cost, normal purchase price SGTU Bill Number Total Checkouts Full call number Accession No. (Barcode) Date last seen Date last borrowed Bill Date Koha item type Total Renewals Checked out Use restrictions
    Dewey Decimal Classification     AYURVEDA SGT FA-FP Library SGT FA-FP Library Text Book 18/04/2022 CHAUKHAMBHA PUB 495.00 SGTU CP/B/1070 12 610.01 R21W FA11221 24/09/2025 19/09/2025 14/03/2022 Books      
    Dewey Decimal Classification     AYURVEDA SGT FA-FP Library SGT FA-FP Library Text Book 18/04/2022 CHAUKHAMBHA PUB 495.00 SGTU CP/B/1070 15 610.01 R21W FA11222 24/09/2025 13/09/2025 14/03/2022 Books      
    Dewey Decimal Classification     AYURVEDA SGT FA-FP Library SGT FA-FP Library Text Book 18/04/2022 CHAUKHAMBHA PUB 495.00 SGTU CP/B/1070 14 610.01 R21W FA11223 28/05/2026 22/05/2026 14/03/2022 Books 1    
    Dewey Decimal Classification     AYURVEDA SGT FA-FP Library SGT FA-FP Library Text Book 18/04/2022 CHAUKHAMBHA PUB 495.00 SGTU CP/B/1070 4 610.01 R21W FA11224 11/11/2025 11/11/2025 14/03/2022 Books   10/01/2026  
    Dewey Decimal Classification     AYURVEDA SGT FA-FP Library SGT FA-FP Library Reference Book 18/04/2022 CHAUKHAMBHA PUB 495.00 SGTU CP/B/1070   610.01 R21W FA11225 18/04/2022   14/03/2022 Books     Restricted Access